[Event "Hessen-ch U10"]
[Site "Bad Homburg"]
[Date "2014.??.??"]
[Round "4"]
[White "Hohmann, Nils"]
[Black "Kirchner, Markus"]
[Result "0-1"]
[WhiteElo "910"]
[BlackElo "1347"]
[PlyCount "84"]
[EventDate "2014.04.??"]
[EventType "swiss"]
[EventRounds "7"]
[EventCountry "GER"]
[SourceTitle "EXT 2022"]
[Source "ChessBase"]
[SourceDate "2021.10.06"]
[SourceVersion "1"]
[SourceVersionDate "2021.10.06"]
[SourceQuality "1"]

1. e4 e6 2. Nc3 d5 3. exd5 exd5 4. d4 c6 5. Nf3 Bg4 6. h3 Bh5 7. g4 Bg6 8. Qe2+ Qe7 9. Bf4 Qxe2+ 10. Bxe2 Bxc2 11. Rc1 Bg6 12. Ne5 Bb4 13. a3 Ba5 14. b4 Bb6 15. b5 Bxd4 16. bxc6 bxc6 17. Na4 Ne7 18. Nxg6 fxg6 19. Rb1 0-0 20. 0-0 Rxf4 21. Rb4 a5 22. Rb7 Rf7 23. Rd1 Bxf2+ 24. Kh1 Ba7 25. Bd3 Nc8 26. Rxf7 Kxf7 27. Rf1+ Kg8 28. Re1 Nd6 29. Re6 Nb5 30. Re8+ Kf7 31. Re3 Bxe3 32. Bxb5 cxb5 33. Nc3 b4 34. axb4 axb4 35. Nxd5 b3 36. Nxe3 b2 37. Kh2 b1Q 38. h4 Ra2+ 39. Kh3 Ra3 40. Kg3 Rxe3+ 41. Kf4 Qe4+ 42. Kg5 Qe5# 0-1